00362nam a2200157Ia 4500008004000000041000800040082001000048100002700058245004100085260002100126650001200147650001100159650001400170650000600184650001400190210210b1940 xxu||||| |||| 00| 0 eng d aeng a884/2 aIYER (Krishnasvamy) Ed aSrimad valmiki RamAyana: I balakanda aPalghatb-c1940 avalmiki aSrimad aRamAyana: aI abalakanda